00835 2200181 4500001002100000005001500021035002000036245005900056100001400115250001000129300003700139260003900176082001200215084001800227020002200245650001500267520037100282INLIS00000000000006420210210111551 a0010-02210000371 aJuara Kelas Bahasa Indonesia /cWulandari Setyaningrum0 aWulandari acet.1 a168hal. :bilus. ;c14.8 x 21 cm aYogyakarta :bNusa Creativa,c2019 a499.222 a499.222 WUL j a978-602-0808-53-6 4aPendidikan aBahasa Indonesia sering kali dianggap sebagai mata pelajaran yang cukup mudah. Fakta bahwa bahasa Indonesia merupakan bahasa nasional yang digunakan dalam komunikasi sehari-hari, membuat sebagian orang merasa tak perlu mempelajari bahasa Indonesia secara intensif. Akibatnya, sering terjadi siswa mendapatkan nilai yang tidak memuaskan dalam bidang bahasa Indonesia.